City to state (US) - Statistics

General Stats
  • This quiz has been taken 24 times
  • The average score is 24 of 30
Answer Stats
City State % Correct
1) Flint Michigan
100%
7) Flagstaff Arizona
95%
30) Joliet Illinois
95%
15) Bowling Green Kentucky
95%
29) Evansville Indiana
90%
4) Hattiesburg Mississippi
90%
5) Broken Arrow Oklahoma
90%
28) Eau Claire Wisconsin
90%
19) Pearl City Hawaii
86%
23) Corvallis Oregon
86%
25) Pigeon Forge Tennessee
86%
17) Ketchikan Alaska
81%
26) Lakeland Florida
81%
2) Kalispell Montana
81%
9) Woonsocket Rhode Island
81%
24) Hot Springs Arkansas
76%
18) Bodie California
76%
13) Toms River New Jersey
76%
16) Hickory North Carolina
76%
6) Port Aransas Texas
76%
3) American Falls Idaho
71%
20) Slidell Louisiana
71%
11) Rutland Vermont
71%
14) Danville Virginia
71%
22) Sedro-Woolley Washington
71%
27) Waycross Georgia
67%
10) Biddeford Maine
67%
12) North Conway New Hampshire
67%
21) Spearfish South Dakota
67%
8) Mountainair New Mexico
62%
No matching quizzes found
Score Distribution
Percent of People with Each Score
Percentile by Number Answered
Your Score History
You have not taken this quiz